The noble scholar, jurist, historian


 His Excellency Dr. Abdul Wahhab bin Ibrahim Abu Sulaiman, may Allah have mercy on him.


 He was born in Umm Al-Qura in the year 1356 AH.

مكة المكرمة : (Record no. 13926)

MARC details
000 -LEADER
fixed length control field 01184cam a2200277 i 4500
003 - CONTROL NUMBER IDENTIFIER
control field SA-RiAUC
005 - DATE AND TIME OF LATEST TRANSACTION
control field 20260106133443.0
008 - FIXED-LENGTH DATA ELEMENTS--GENERAL INFORMATION
fixed length control field 260101s1986 ku a g b 000r0 ara c
040 ## - CATALOGING SOURCE
Original cataloging agency SA-JeALM
Language of cataloging ara
Transcribing agency SA-RiAUC
Description conventions rda
043 ## - GEOGRAPHIC AREA CODE
Geographic area code a-su---
082 04 - DEWEY DECIMAL CLASSIFICATION NUMBER
Classification number 307.760953121
090 ## - LOCALLY ASSIGNED LC-TYPE CALL NUMBER (OCLC); LOCAL CALL NUMBER (RLIN)
Classification number (OCLC) (R) ; Classification number, CALL (RLIN) (NR) 307.760953121
Local cutter number (OCLC) ; Book number/undivided call number, CALL (RLIN) س ر ي
100 1# - MAIN ENTRY--PERSONAL NAME
Personal name السرياني، محمد محمود،
Dates associated with a name 1942-
Relator term مؤلف.
245 10 - TITLE STATEMENT
Title مكة المكرمة :
Remainder of title دراسة في تطور النمو الحضري /
Statement of responsibility, etc. محمد محمود السرياني.
264 #1 - PRODUCTION, PUBLICATION, DISTRIBUTION, MANUFACTURE, AND COPYRIGHT NOTICE
Place of production, publication, distribution, manufacture الكويت :
-- الكويت :
Name of producer, publisher, distributor, manufacturer الجمعية الجغرافية الكويتية ؛
-- جامعة الكويت،
Date of production, publication, distribution, manufacture, or copyright notice 1986
300 ## - PHYSICAL DESCRIPTION
Extent 77 صفحة :
Other physical details كروكيات ؛
Dimensions 24 سم.
336 ## - CONTENT TYPE
Content type term نص
Content type code txt
Source rdacontent
Materials specified كتاب
337 ## - MEDIA TYPE
Media type term بدون وسيط
Media type code n
Source rdamedia
440 #0 - SERIES STATEMENT/ADDED ENTRY--TITLE
Title رسائل جغرافية
Volume/sequential designation 87
504 ## - BIBLIOGRAPHY, ETC. NOTE
Bibliography, etc. note ببليوجرافية : صفحة 71-74.
650 #7 - SUBJECT ADDED ENTRY--TOPICAL TERM
Topical term or geographic name entry element المجتمعات الحضرية
Geographic subdivision مكة المكرمة
Source of heading or term aucsh
650 #7 - SUBJECT ADDED ENTRY--TOPICAL TERM
Topical term or geographic name entry element علم الاجتماع الحضري
Source of heading or term aucsh
651 #7 - SUBJECT ADDED ENTRY--GEOGRAPHIC NAME
Geographic name السعودية
General subdivision سياسة اجتماعية
Source of heading or term aucsh
942 ## - ADDED ENTRY ELEMENTS (KOHA)
Source of classification or shelving scheme Dewey Decimal Classification
Koha item type Books
Suppress in OPAC No
949 ## - LOCAL PROCESSING INFORMATION (OCLC)
a SA-JeALM
d 260101
u osman123
n 1
Holdings
Withdrawn status Lost status Source of classification or shelving scheme Damaged status Not for loan Home library Current library Date acquired Total checkouts Full call number Barcode Date last seen Price effective from Koha item type
    Dewey Decimal Classification     DR AbdElwahab Library DR AbdElwahab Library 01/06/2026   307.760953121 س ر ي 000022294 01/06/2026 01/06/2026 Books